000 00273nam a2200109 a 4500
005 20140414131932.0
008 110114s19uu xx 00 eng d
050 _aREF 220
_bAm1 2008
245 _aThe amazing bible factbook :
_bfor kids.
260 _bTime.
999 _c112278
_d112278